00584nam a2200145Ia 4500008004100000024005600041082001800097100008100115245003000196260002500226600002100251650003800272952011100310999001700421250506s9999 xx 000 0 und d a15B-025-CS, 15B-026-CS, 15B-048-CS & 15B-049-CS a005.33072 MUH aMuhammad Yaseen Khalid, Shayan Ullah Khan, Muzammil Ali & Syed Talha Maqsood 0aDeaf Talk Myo (CODE BOOK) aKarachi:bUIT,c2015 aComputer Science aBachelor of Computer Science (BS) 001040708PR-CSaUITUbUITUd2022-07-26l0o005.33072 MUHpBS-601-Ar2025-05-06 11:34:39w2025-05-06yPR c28872d28872